000 00426nam a2200157Ia 4500
008 160316s1987 xxu||||| |||| 00| 0 eng d
082 _a346.066460
_bNAR
100 _aNarayan Vas Jay
245 _aHandbook of project financing
250 _a
260 _aAhmedabad
_bN K Vyas Publishers
_c1987
300 _a446p
_b
_c
365 _b Gratis
650 _a1.Company Law - Project Finance - Corporate Finance
700 _a
_a
999 _c24354
_d24354